000 00799nam a2200205Ia 4500
003 GCL
008 140319s9999 xx 000 0 ara d
020 _a8466215977
040 _aGCL /
_cGCL
082 0 4 _aق
_b962.064
_bم م
100 1 _aمصطفى عبدالغنى
245 1 0 _aالمثقفون وعبد الناصر /
_cمصطفى عبدالغنى
260 _aالقاهرة :
_bدار غريب للطباعة والنشر والتوزيع ،
_c2000
260 _aالقاهرة :
_bمركز ابن خلدون للدراسات الانمائية ،
_c2000
300 _a607 ص ؛
_c24 سم
490 _aدراسة
_v0
650 0 4 _aمصر - تاريخ - العصر الحديث - جمال عبدالناصر ( 1954-1970 )
650 0 4 _aجمال عبدالناصر
942 _2ddc
_cBK
999 _c45765
_d45765